| 000 | 01275nam a22003497a 4500 | ||
|---|---|---|---|
| 003 | CHAP | ||
| 005 | 20220329143650.0 | ||
| 008 | 101201s2009 fr r 00010 fre d | ||
| 010 | _a100029 | ||
| 011 | _a101001 | ||
| 035 | _a111687 | ||
| 040 | _cCHAP | ||
| 082 | 1 | 4 |
_a663.2 _bD62 |
| 245 | 0 | 0 |
_aDiplôme international de l'oiv en management du secteur de la vigne et du vin : _b"OIV MSc in wine management" _c/por Organisation Internationale de la Vigne et du Vin |
| 260 |
_aParis : _bOIV, _c[2009] |
||
| 300 | _a93 p. | ||
| 500 | _aMultilingüe (francés, inglés, alemán, italiano y español) | ||
| 590 |
_aBATCH-UPD _b10 _c20130110 _lUCH01 _h1332 |
||
| 590 |
_aBATCH-UPD _b10 _c20130410 _lUCH01 _h0837 |
||
| 590 |
_aBATCH-UPD _b10 _c20130914 _lUCH01 _h1852 |
||
| 590 |
_aCONVERSION _b10 _c20130109 _lUCH01 _h1355 |
||
| 650 | 1 | 4 |
_aVino _xMercadeo. _9119874 |
| 650 | 1 | 4 |
_aVino _xNormas de calidad. _9119875 |
| 650 | 1 | 4 |
_aVinos _xElaboración. _9119881 |
| 650 | 1 | 4 |
_aViticultura _xAspectos económicos. _9120049 |
| 650 | 1 | 4 |
_aViticultura _xInvestigación. _9120062 |
| 710 | 2 |
_aOrganization Internationale de la Vigne et du vin. _983563 |
|
| 901 | _aBK | ||
| 911 | _aen proceso | ||
| 942 | _cLIBRO | ||
| 949 |
_a663.2 D62 _bBC _cLIBRO _d33724002174827 _eLIBRO _h113926 _i111687 _sb |
||
| 999 |
_c100029 _d100029 |
||